000
00249nam a22001217a 4500
003
SGT
082
_a
823
_b
ABE
100
_a
SPARKS NICHOLAS
245
_a
ABEND IN THE ROAD
260
_a
U.K
_b
HACHETTE PUB
_c
2011
300
_a
378
942
_2
ddc
_c
BK
999
_c
33512
_d
33512